00258nam a2200109Ia 4500008004100000100001800041245003300059260002100092650001100113942000700124999001700131190216s9999||||xx |||||||||||||| ||und|| aMark Graubard 0aJaiva Shashthra Adisthnangal bBhasha Institute aBotany cBK c38762d38762